00337nam a2200121Ia 4500008004100000020001400041082002000055100001500075245005500090250001600145260004500161300000900206210430s9999 xx 000 0 und d a1246-1246 a661.804 C5141 C aSami Matar aChemistry of Petrochemical Processes /cSami Matar a2nd edition aPHOTOCOPYbGulf Publishing Companyc2010 a392p